000 00351nam a2200109Ia 4500
008 160909s9999 xx 000 0 und d
100 _aHughey, Jennifer M.
245 4 _aThe Somatic Impact of Childhood Trauma
260 _bPacifica Graduate Institute
_c2016
650 _aPSYCHOLOGY
856 _uhttp://pqdtopen.proquest.com/doc/1779525532.html?FMT=ABS
999 _c304042
_d304042